000 00536nam a2200181Ia 4500
005 20250326124042.0
008 250326s9999 xx 000 0 und d
037 _aTextbook
040 _aFMSL
_beng
_cFMSL
041 _aeng
_2eng
084 _aX.56 L3
_qFMSL
100 _aChisholm M
_992497
245 0 _aFreight flows and spatial aspects of the british economy
_cChisholm M; O'sullivan Patrick
260 _aNY
_bNY, Cambridge University
_c1973
300 _a141p
942 _cTB
_hX.56 L3
999 _c1272063
_d1272063